| 000 | 00574nam a2200205Ia 4500 | ||
|---|---|---|---|
| 003 | OSt | ||
| 005 | 20230419111829.0 | ||
| 008 | 210423s2012 xx 000 0 und d | ||
| 020 | _a9789350710593 | ||
| 040 | _cAL | ||
| 041 | _aeng | ||
| 082 |
_a657.46 _223 _bSINV |
||
| 100 |
_aSINGHANIA (Vinod K);SINGHANIA (Monica). _990477 |
||
| 245 | _aTaxmann students guide to income tax. | ||
| 260 |
_aNew Delhi _bTaxmann Publications Pvt Ltd _c2012 |
||
| 300 |
_a1-17,445 _bPB |
||
| 365 |
_b395 _cINR |
||
| 906 | _aguide ; income ; students ; tax. ; Taxmann | ||
| 942 |
_2ddc _cBK |
||
| 999 |
_c160721 _d160721 |
||